FIFA World Cup 2014: Final Germany vs Argentina - Statistics

General Stats
  • This quiz has been taken 275 times
  • The average score is 20 of 30
Answer Stats
# Team Position Answer % Correct
1 GK Bayern München Manuel Neuer
99%
10 FW FC Barcelona Lionel Messi
98%
13 FW Bayern München Thomas Müller
95%
19 FW Mario Götze / in 88' / 1 goal Mario Götze
94%
5 DF Borussia Dortmund Mats Hummels
91%
16 DF Bayern München Philipp Lahm
90%
8 MF Arsenal FC / out 120' Mesut Özil
89%
20 DF Bayern München Jérôme Boateng
88%
11 FW SS Lazio / out 88' Miroslav Klose
85%
9 FW SSC Napoli / out 78' Gonzalo Higuaín
79%
20 FW Manchester City / in 46' Kun Agüero
77%
7 MF Bayern München Bastian Schweinsteiger
76%
Coach Joachim Löw
76%
18 MF Bayern München Toni Kroos
75%
14 MF FC Barcelona Javier Mascherano
74%
9 FW Chelsea FC / in 31' André Schürrle
70%
1 GK AS Monaco FC Sergio Romero
70%
17 DF Arsenal FC / in 120' Per Mertesacker
67%
4 DF Schalke 04 Benedikt Höwedes
65%
22 FW Paris Saint-Germain / out 46' Ezequiel Lavezzi
57%
23 MF Borussia Mönchengladbach / out 31' Christoph Kramer
52%
4 DF Manchester City Pablo Zabaleta
49%
16 DF Sporting CP Marcos Rojo
44%
15 DF Manchester City Martín Demichelis
42%
6 MF SS Lazio Lucas Biglia
35%
18 FW Inter Milan / in 78' Rodrigo Palacio
33%
8 MF SL Benfica / out 86' Enzo Pérez
23%
Coach Alejandro Sabella
21%
2 DF SL Benfica Ezequiel Garay
21%
5 MF Boca Juniors / in 86' Fernando Gago
16%
No matching quizzes found
Score Distribution
Percent of People with Each Score
Percentile by Number Answered
Your Score History
You have not taken this quiz